Normal view
MARC view
Entry Nome pessoal
001 - NÚMERO DE CONTROLE
- campo de controle: 1656
003 - IDENTIFICADOR DO NÚMERO DE CONTROLE
- campo de controle: DLC
005 - DATA E HORÁRIO DA ÚLTIMA TRANSAÇÃO
- campo de controle: 20251124144014.0
008 - CAMPO DE DADOS FIXOS
- campo de controle de tamanho fixo: 251124n| acannaabn |n aad
010 ## - NÚMERO DE CONTROLE DA LIBRARY OF CONGRESS
- Número de controle da LC: n 87807294
035 ## - NÚMERO DE CONTROLE DO SISTEMA
- Número de Controle do Sistema: (OCoLC)oca01786004
040 ## - FONTE DA CATALOGAÇÃO
- Instituição da catalogação original: DLC
- Idioma da catalogação: eng
- Instituição que transcreveu o registro: DLC
- Instituição que modificou o registro: OCoLC
100 1# - CABEÇALHO--NOME PESSOAL
- Nome pessoal: Vespucci, Ana Cândida
400 ## - REMISSIVA VER--NOME PESSOAL
- Nome pessoal: Ana Cândida Vespucci